Sports Quiz

Random Sports or NCAA Quiz

Most Common NCAA Nicknames Quiz Stats

 Plays Quiz Updated Jan 21, 2019

     
Support Sporcle.
Go Orange.
Score 0/83 Timer 12:00
0 Plays Today
Nickname College % Correct
SpartansMichigan State
85.9%
BulldogsGeorgia
84.8%
HuskiesConnecticut
70.9%
TigersLouisiana State
69.4%
HuskiesWashington
69.3%
WildcatsKentucky
65.2%
EaglesBoston College
62.9%
AggiesTexas A&M
62.8%
TigersAuburn
59.6%
PanthersPittsburgh
55.4%
WildcatsArizona
54.6%
BearsBaylor
51.7%
TigersClemson
50.9%
CougarsWashington State
48%
WildcatsKansas State
45.2%
TigersMissouri
45%
CougarsBrigham Young
42.3%
BulldogsButler
42.2%
BulldogsMississippi State
41.7%
WildcatsNorthwestern
35.5%
BulldogsGonzaga
35.4%
WildcatsVillanova
33.7%
TigersMemphis
33.1%
CougarsHouston
30%
AggiesNew Mexico State
28.9%
AggiesUtah State
28.5%
BulldogsFresno State
27.4%
BulldogsYale
26.8%
Nickname College % Correct
TigersPrinceton
26.7%
PanthersFlorida International
22.2%
SpartansSan José State
21.5%
HuskiesNorthern Illinois
18.6%
BearsBrown
17.9%
EaglesEastern Michigan
16.7%
PanthersGeorgia State
12.7%
BearsMissouri State
12.6%
PanthersNorthern Iowa
11.3%
WildcatsNew Hampshire
10.9%
BulldogsLouisiana Tech
10.3%
WildcatsDavidson
9.9%
BulldogsDrake
9.6%
TigersGrambling State
9.4%
HuskiesNortheastern
9%
EaglesAmerican
8.4%
TigersTennessee State
8.2%
BulldogsSouth Carolina State
8.2%
BulldogsAlabama A&M
8%
EaglesEastern Washington
7.5%
EaglesGeorgia Southern
7.2%
PanthersWisconsin-Milwaukee
6.9%
AggiesNorth Carolina A&T
6.7%
PanthersEastern Illinois
6.7%
AggiesUC Davis
6.3%
WildcatsWeber State
6.1%
WildcatsAbilene Christian
6%
TigersJackson State
5.9%
Nickname College % Correct
EaglesWinthrop
5.9%
BearsNorthern Colorado
5.7%
TigersTowson
5.5%
BulldogsThe Citadel
5.4%
TigersPacific
5.2%
SpartansNorfolk State
5.2%
BulldogsUniversity of North Carolina at Asheville
5.1%
SpartansUniversity of North Carolina at Greensboro
5%
EaglesMorehead State
5%
CougarsCollege of Charleston
4.8%
BearsMorgan State
4.4%
BearsMercer
4.4%
BulldogsSamford
4.4%
TigersTexas Southern
4.2%
EaglesFlorida Gulf Coast
3.8%
TigersSavannah State
3.7%
BulldogsBryant
3.7%
PanthersPrairie View
3.7%
WildcatsBethune-Cookman
3.6%
EaglesCoppin State
3.5%
CougarsChicago State
3.5%
SpartansUSC Upstate
3.4%
BearsCentral Arkansas
3.1%
EaglesNorth Carolina Central
3.1%
PanthersHigh Point
2.9%
HuskiesHouston Baptist
2.9%
CougarsSIU Edwardsville
2%

From the Vault

Back-to-Back English Football Champions

by Tr4pD00r

Sports 4m
They might not be standing back to back, but we choose to imagine that they are.
Remove Ads.
Support Sporcle.
Get the best of Sporcle when you Go Orange. This ad-free experience offers more features, more stats, and more fun while also helping to support Sporcle. Thank you for becoming a member.

Show Comments

Extras

Top Quizzes Today


Score Distribution

Your Account Isn't Verified!

In order to create a playlist on Sporcle, you need to verify the email address you used during registration. Go to your Sporcle Settings to finish the process.

Report this User

Report this user for behavior that violates our Community Guidelines.

Details: